Les pays émergents : Approche géo-économique (notice n° 2198587)

détails MARC
000 -LEADER
fixed length control field 01691cam a2200133 4500500
005 - DATE AND TIME OF LATEST TRANSACTION
control field 20260405085551.0
041 ## - LANGUAGE CODE
Language code of text/sound track or separate title fre
042 ## - AUTHENTICATION CODE
Authentication code dc
100 10 - MAIN ENTRY--PERSONAL NAME
Personal name Daziano, Laurence
Relator term author
245 00 - TITLE STATEMENT
Title Les pays émergents : Approche géo-économique
260 ## - PUBLICATION, DISTRIBUTION, ETC.
Name of publisher, distributor, etc. Armand Colin,<br/>
Date of publication, distribution, etc. 2014.<br/>
520 ## - SUMMARY, ETC.
Summary, etc. L’émergence de nouvelles grandes puissances, réunies sous l’acronyme BRICS (Brésil, Russie, Inde, Chine, Afrique du Sud) constitue le phénomène le plus marquant de la décennie écoulée. Après cette première phase qui a vu la Chine devenir la deuxième économie mondiale, de nouvelles puissances s’imposent à leur tour au Sud, du Nigeria à l’Indonésie en passant par l’Éthiopie et le Vietnam, dans un monde de plus en plus globalisé. Ces nouveaux pays émergents sont en pleine croissance économique et démographique. Ils aspirent désormais à peser sur les affaires mondiales. Structuré, clair, pédagogique, ce manuel aborde les principaux enjeux qui touchent les pays émergents : mondialisation, démographie, urbanisation, religion, changements climatiques, monnaies, entreprises… Ce manuel est destiné aux étudiants de classes préparatoires, des IEP, des écoles de commerce ou en économie, mais aussi à tous ceux qui souhaitent comprendre les impacts de ces pays sur l’économie mondiale et les sociétés. Une chronologie claire et synthétique permet de mettre en perspective les événements marquants des pays émergents depuis la chute du mur de Berlin. De nombreux graphiques et cartes illustrent les démonstrations de l’auteur.
856 41 - ELECTRONIC LOCATION AND ACCESS
Uniform Resource Identifier <a href="https://shs.cairn.info/les-pays-emergents--9782200293840?lang=fr&redirect-ssocas=7080">https://shs.cairn.info/les-pays-emergents--9782200293840?lang=fr&redirect-ssocas=7080</a>

Pas d'exemplaire disponible.

PLUDOC

PLUDOC est la plateforme unique et centralisée de gestion des bibliothèques physiques et numériques de Guinée administré par le CEDUST. Elle est la plus grande base de données de ressources documentaires pour les Étudiants, Enseignants chercheurs et Chercheurs de Guinée.

Adresse

627 919 101/664 919 101

25 boulevard du commerce
Kaloum, Conakry, Guinée

Réseaux sociaux

Powered by Netsen Group @ 2025